000 00397nam a2200133Ia 4500
008 220217s9999||||xx |||||||||||||| ||und||
020 _a9781402077203
082 _a620.4 DIV
100 _aDi-Ventra, Massimiliano
245 0 _aIntroduction to nanoscale science and technology
260 _aSpringar publications
_bNew Delhi
_c2009
300 _aXIII, 611p.
_b795
650 _aNANOTECHNOLOGY
999 _c186538
_d186538